| 000 | 00655nam a22001817a 4500 | ||
|---|---|---|---|
| 005 | 20250319080150.0 | ||
| 008 | 240507b ||||| |||| 00| 0 eng d | ||
| 020 | _a9711019019 | ||
| 082 | _aDFil 581.63 L12 1985 | ||
| 100 |
_aLadion, Herminia de Guzman. _935124 |
||
| 245 |
_aHealing wonders of herbs : _bguide to the effective use of medical plants / _cHerminia de Guzman-Ladion. |
||
| 260 |
_aCaloocan City : _bPhilippine Publishing House, _c©1985. |
||
| 300 |
_a158 pages : _bcolor illustrations ; _c23 cm. |
||
| 500 | _aIncludes references and index. | ||
| 650 |
_aMedical botany. _943884 |
||
| 650 |
_aBotany, Medical. _943885 |
||
| 942 |
_2ddc _cDFIL |
||
| 999 |
_c20223 _d20223 |
||